000 00824nam a2200217Ia 4500
001 11112
003 GE_BSU
008 181216s||||||||xx |||||||||||||| ||und||
040 _cGE_BSU
080 _a632.98
100 _aაფხაიძე,ა. ლეჟავა,კ.
245 _aმცენარეთა დაცვის მანქანები და აპარატები.
245 _cსაზოგადოებრივი რედ:ირ.კაკულიძე.
260 _aთბილისი.
260 _bსაბჭოთა საქართველო.
260 _c1963.
300 _a159გვ;20სმ.
300 _eილ;
653 _aმცენარეთა დაცვის მანქანები და აპარატები.
942 _cBK
999 _c44351
_d44351